d.Lendon Smith's low-stress diet [
| Main Author: | |
|---|---|
| Format: | Book |
| Published: |
New York :
McGraw-Hill Book Co. ,
1985
|
| Subjects: |
MARC
| LEADER | 00000cam a2200000 7i4500 | ||
|---|---|---|---|
| 001 | 0000008529 | ||
| 002 | 000009297 | ||
| 005 | 20090109.0 | ||
| 020 | |a 0070585008 | ||
| 090 | 0 | 0 | |a 613.25 |b SMI |
| 100 | 1 | |a Smith, Lendon,M.D | |
| 245 | 1 | 0 | |a d.Lendon Smith's low-stress diet [ |h Lendon Smith,M.D] |
| 260 | |a New York : |b McGraw-Hill Book Co. , |c 1985 | ||
| 300 | |a 179 p. ; |c 24 cm. | ||
| 650 | 0 | 0 | |a Reducing diets |
| 650 | 0 | 0 | |a Reducing diets |x Psychological aspects |
| 999 | |a 014800 |b BUKU |c PINJAMAN |e PERPUSTAKAAN KOMUNITI PETALING JAYA | ||